1990 FIFA World Cup Final West Germany - Argentina - Statistics

General Stats
  • This quiz has been taken 305 times
  • The average score is 12 of 27
Answer Stats
Player % Correct
Diego Maradona
96%
Lothar Matthäus
90%
Rudi Völler
76%
Jürgen Klinsmann
75%
Andreas Brehme ¹
70%
Franz Beckenbauer
65%
Bodo Illgner
52%
Jürgen Kohler
48%
Jorge Burruchaga
44%
Pierre Littbarski
41%
Sergio Goycochea
41%
Klaus Augenthaler
40%
Thomas Häßler
40%
Carlos Bilardo
39%
Oscar Ruggeri
39%
Guido Buchwald
38%
Thomas Berthold
34%
Roberto Sensini
31%
Pedro Troglio
29%
Gustavo Dezotti
27%
José Serrizuela
27%
Stefan Reuter
27%
José Basualdo
24%
Juan Simón
22%
Néstor Lorenzo
18%
Gabriel Calderón
16%
Pedro Monzón
16%
No matching quizzes found
Score Distribution
Percent of People with Each Score
Percentile by Number Answered
Your Score History
You have not taken this quiz